000 00478nam a2200181Ia 4500
005 20250603144802.0
008 250603s9999 xx 000 0 und d
020 _a9789789860494
050 _aKZ 320.U5/
100 _aPatrick I.Ukase
245 0 _aDemocracy ,Ethnicity And Nigeria,s Development:Festschrift in honour of Dr salisu ogbo usman
260 _aAbuja
260 _bIntegrity Publishers
260 _c2022
300 _a794 p
650 _aAbuja
942 _cBK
999 _c39943
_d39943